| 000 | 00574nam a2200133Ia 4500 | ||
|---|---|---|---|
| 008 | 220620s9999||||xx |||||||||||||| ||und|| | ||
| 022 | _a21929963 | ||
| 100 | _aFeuchter, Manuel Klaus Ludwig | ||
| 245 | 0 | _aInvestigations on Joule heating applications by multiphysical continuum simulations in nanoscale systems | |
| 546 | _aEnglish[eng] | ||
| 650 | _aJOULE'sche-ERWAERMUNG 3-OMEGA-METHODE FINITE-ELEMENTE-SIMULATIONEN NEURONALE-NETZE||JOULE-HEATING 3-OMEGA-METHOD FINITE-ELEMENT-SIMULATIONS NEURAL-NETWORKS | ||
| 856 | _uhttps://www.ksp.kit.edu/9783731502616 | ||
| 942 | _cEB | ||
| 999 |
_c26245 _d26245 |
||